000 00725nam a2200241 i 4500
001 61819
003 ES-MaACL
005 20230906164541.0
007 t|
008 031114s1983 sp ||||1| spa d
020 _a84-85741-21-8
245 0 0 _aRainer Werner Fassbinder /
_cedición a cargo de Augusto M. Torres.
260 _aMadrid :
_bEdiciones JC,
_c1983.
300 _a161 p. :
_bil. ;
_c19 cm.
490 1 _aDirectores de cine ;
_v13
504 _aBibliografía: p. 125-127.
504 _aFilmografía: p. 129-161.
600 1 4 _aFassbinder, Rainer Werner.
_948920
700 1 _aTorres, Augusto M.
_9110879
830 1 _aDirectores de cine ;
_v13
_9181872
852 _aES-MaACL
_jL-6439
999 _c61819
_d61819